LEADER 01224nam a2200301 i 4500 001 000000119532 003 CaOOAMICUS 005 20031029000000.0 008 031029s2000 it u000 u ita u 013 $a92226 020 $a88-86881-56-8 040 $aSeMil$bita 100 1 $aSella, Adriano.$0(OLS)http://semarc/name/49834 245 10$aGiubileo di giustizia :$bliberare i poveri, liberare i ricchi /$cAdriano Sella. 260 $aSaronno :$bEditrice Monti,$c2000 (1. ristampa) 300 $a172 p. ;$c21 cm. 490 0 $aVillaggio solidale ;$v8 500 $aFondo Card. C.M. Martini. 650 4$aGiustizia.$0(OLS)http://semarc/subject/1321 650 4$aGiubilei - 2000.$0(OLS)http://semarc/subject/4961 830 0$aVillaggio solidale ;$v8.$0(OLS)http://semarc/title/10079 850 $aSeMil 852 $aSeMil$W1$xVenegono$y1$m3E I 51$j74739$B74739$CSeMilBibl$Z2$F101072 $81 941 1 $a4 961 $aOmaggio: Martini Card. Carlo Maria 996 $6020$a88-86881-56-8$9(OLS)http://semarc/number/104424 996 $6245$aGiubileo di giustizia :$bliberare i poveri, liberare i ricchi$9(OLS)http://semarc/title/175682 996 $6260$aSaronno :$bEditrice Monti$9(OLS)http://semarc/publisher/32063 LEADER 01158nam a2200265 4500 001 000000360980 003 CaOOAMICUS 005 20260310091058.0 008 241202s2019 it 000 u ita r 020 $a978-88-922-1866-6 040 $aSeMil$bita 100 1 $aInvernizzi, Laura,$d<1971- >.$0(OLS)http://semarc/name/83545 245 10$aSara :$b"la benedirò e diventerà nazioni" /$cLaura Invernizzi. 264 1$aCinisello Balsamo :$bSan Paolo,$c2019. 300 $a138 p. ;$c21 cm 490 1 $aMadri della fede 650 4$aBibbia. Antico Testamento. Genesi - Personaggi.$0(OLS)http://semarc/subject/55966 650 04$aSara .$0(OLS)http://semarc/subject/56735 830 0$aMadri della fede.$0(OLS)http://semarc/title/442424 850 $aSeMil 852 $aSeMil$W1$xVenegono$y1$m2NA P 7$j252719$B251962$CSeMilBibl$Z2$F251962 $81 996 $6020$a978-88-922-1866-6$9(OLS)http://semarc/number/301957 996 $6245$aSara :$b"la benedirò e diventerà nazioni"$9(OLS)http://semarc/title/451588 996 $6264$aCinisello Balsamo :$bSan Paolo$9(OLS)http://semarc/publisher/30129